00502nam a22001457a 4500020001800000082001800018100001700036245005400053260004700107300000800154650001900162942000700181952015100188999001700339 a9788120840690 a294.50901 BAS aBasham, A.L. aThe Origins and Development of Classical Hinduism aDelhibMotilal Banarsidas Publishersc1989 a159 aHinduism-Vedic cBK 001040708NFICaHMIbHMIcGENd2020-09-15eDasgupta Publishers, Kolkatag400.00l2o294.50901 BASp25773r2025-08-01s2025-07-15w2020-09-24yBK c23098d23098